World landmarks - Statistics

General Stats
  • This quiz has been taken 52 times
  • The average score is 72 of 119
Answer Stats
Landmark Country % Correct
1) Big Ben United Kingdom
100%
5) Christ the Redeemer Brazil
95%
6) Mt Fuji Japan
95%
109) Sydney Opera House Australia
88%
51) Great Wall China
88%
53) Great Pyramids Egypt
88%
60) Eiffel Tower France
88%
112) Louvre France
88%
59) Taj Mahal India
88%
18) Colosseum Italy
88%
48) Tokyo Tower Japan
88%
26) Machu Picchu Peru
88%
36) Buckingham Palace United Kingdom
88%
24) Yellowstone United States
88%
35) Statue of Liberty United States
88%
110) Mt Rushmore United States
88%
7) Terracotta Warriors of Xian China
85%
3) Brandenburg Gate Germany
85%
111) Leaning Tower of Pisa Italy
85%
29) Edinburgh Castle United Kingdom
85%
108) Stonehenge United Kingdom
85%
94) Niagara Falls (New York) United States
85%
4) Angkor Wat Cambodia
83%
15) CN Tower Canada
83%
11) Acropolis Greece
83%
19) Sagrada Familia Spain
83%
42) Burj Khalifa United Arab Emirates
83%
89) Great Sphinx Egypt
80%
22) Arc De Triomphe France
80%
23) Chichen Itza Mexico
80%
21) Panama Canal Panama
80%
44) Space Needle United States
80%
98) Yosemite National Park United States
80%
103) Indianapolis Motor Speedway United States
80%
9) Easter Island statues Chile
78%
30) Normandy beaches France
78%
50) Neuschwanstein Castle Germany
78%
27) Trevi Fountain Italy
78%
85) Petra ruin site Jordan
78%
8) St Basils Cathedral Russia
78%
114) Mt Kilimanjaro Tanzania
78%
61) Alcatraz Island United States
78%
45) Copacabana Beach Brazil
76%
87) Santorini Greece
76%
33) Mt Etna Italy
76%
68) Mt Vesuvius Italy
76%
32) Monte Carlo Monaco
76%
10) Matterhorn Switzerland
76%
43) Hagia Sophia Turkey
76%
14) Gateway Arch United States
76%
31) St Peters Basilica Vatican City
76%
25) Uluru Australia
73%
20) Galapagos Islands Ecuador
73%
71) The Alamo United States
73%
62) Banff National Park Canada
71%
115) Jin Mao Tower China
71%
12) Petronas Towers Malaysia
71%
38) Table Mountain South Africa
71%
99) Cliffs of Dover United Kingdom
71%
79) Daytona International Speedway United States
71%
17) Hallgrimskirkja Iceland
68%
56) De Noord Windmill Netherlands
68%
97) Santa Claus Village Finland
66%
64) Fushimi Inari Taisha Japan
66%
34) Vaduz castle Liechtenstein
66%
40) Timbuktu Mali
66%
67) Schonbrunn Palace Austria
63%
52) Serengeti National Park Tanzania
63%
80) St Andrews Golf Course United Kingdom
63%
72) Tulum Mayan ruins Mexico
61%
119) Rijksmuseum Netherlands
61%
104) Uxmal Mayan ruins Mexico
59%
75) Bran Castle Romania
59%
37) Carthage ruins Tunisia
59%
76) Cliffs of Moher Ireland
56%
54) Cappadocia fairy castles Turkey
56%
74) Mt Aconcagua Argentina
51%
117) Nur Astana Mosque Kazakhstan
51%
105) Nazca Lines Peru
51%
57) Masjid Al-Haram Saudi Arabia
51%
116) Himeji Castle Japan
49%
65) Borobudur Temple Indonesia
46%
41) Avenue of Baobabs Madagascar
46%
70) Hassan II Mosque Morocco
46%
28) Borgund Stave Church Norway
46%
78) Temple of Emerald Buddha Thailand
46%
2) Znojmo Castle Czech Republic
44%
81) Marina Bay Sands Singapore
44%
46) Tikal National Park Guatemala
41%
86) Church of the Holy Sepulchre Israel
41%
13) Q1 Tower Australia
39%
55) Amphitheater of Philippopolis Bulgaria
39%
92) Wawel Cathedral Poland
39%
102) Castelo De Sao Jorge Portugal
39%
84) Rosenborg Castle Denmark
37%
39) Lalibela Rock Churches Ethiopia
34%
106) Uyuni Salt Flat Bolivia
32%
113) Okavango Delta Botswana
32%
107) Sanctuary of Las Lajas Colombia
32%
58) Hazrat Fatimah Holy Shrine Iran
32%
120) Orava Castle Slovakia
32%
47) Larnach Castle New Zealand
29%
100) Kalmar Castle Sweden
29%
16) Gereja Ayam Indonesia
27%
101) House of the Black Heads Latvia
27%
69) Popeye Village Park Malta
24%
63) Xunatunich ruins Belize
20%
93) Fishermans Bastion Hungary
20%
49) Leptis Magna Libya
20%
83) Palanok Castle Ukraine
17%
95) Mulafossur Waterfalls Denmark
15%
96) Alexander Nevsky Cathedral Estonia
15%
88) Fort of Santa Cruz Algeria
12%
118) Narikala Fortress Georgia
12%
73) Altos De Chavon Dominican Republic
10%
82) Ruwanweli Maha Seya Sri Lanka
10%
90) Kolmanskop Namibia
7%
91) Elmina Castle Ghana
5%
77) Fort Zeelandia Guyana
5%
No matching quizzes found
Score Distribution
Percent of People with Each Score
Percentile by Number Answered
Your Score History
You have not taken this quiz